La obra de Pereda ante la crítica literaria de su tiempo / (Record no. 74420)

MARC details
000 -LEADER
campo de control de longitud fija 00806nam a2200241 i 4500
001 - NÚMERO DE CONTROL
campo de control 74420
003 - IDENTIFICADOR DE NÚMERO DE CONTROL
campo de control ES-MaACL
005 - FECHA Y HORA DE LA ÚLTIMA TRANSACCIÓN
campo de control 20230906172128.0
007 - CAMPO FIJO DE DESCRIPCIÓN FÍSICA--INFORMACIÓN GENERAL
campo de control de longitud fija t|
008 - DATOS DE LONGITUD FIJA--INFORMACIÓN GENERAL
campo de control de longitud fija 040917s1983 sp ||||1| spa d
020 ## - NÚMERO INTERNACIONAL ESTÁNDAR DEL LIBRO
Número Internacional Estándar del Libro 84-85429-33-8
100 1# - ENTRADA PRINCIPAL--NOMBRE DE PERSONA
Nombre de persona González Herrán, José Manuel.
9 (RLIN) 58708
245 13 - MENCIÓN DEL TÍTULO
Título La obra de Pereda ante la crítica literaria de su tiempo /
Mención de responsabilidad, etc. José Manuel González Herrán.
260 ## - PUBLICACIÓN, DISTRIBUCIÓN, ETC.
Lugar de publicación, distribución, etc. Santander :
Nombre del editor, distribuidor, etc. Ayuntamiento de Santander, Delegación de Cultura :
-- Librería Estudio,
Fecha de publicación, distribución, etc. 1983.
300 ## - DESCRIPCIÓN FÍSICA
Extensión 525 p. ;
Dimensiones 24 cm.
490 1# - MENCIÓN DE SERIE
Mención de serie Pronillo ;
Designación de volumen o secuencia 2
500 ## - NOTA GENERAL
Nota general Indices.
504 ## - NOTA DE BIBLIOGRAFÍA, ETC.
Nota de bibliografía, etc. Bibliografía.
710 1# - ENTRADA AGREGADA--NOMBRE DE ENTIDAD CORPORATIVA
Nombre de entidad corporativa o nombre de jurisdicción como elemento de entrada Santander.
Unidad subordinada Ayuntamiento.
-- Delegación de Cultura.
9 (RLIN) 6499
830 0# - PUNTO DE ACCESO ADICIONAL DE SERIE-TÍTULO UNIFORME
Título uniforme Pronillo ;
Designación de volumen o secuencia 2
9 (RLIN) 184132
852 ## - LOCALIZACIÓN
Ubicación ES-MaACL
Número de control de estantería L-10812
Sublocalización o colección R.112515
Holdings
Estatus retirado Estado de pérdida Estado de daño No para préstamo Biblioteca de origen Biblioteca actual Ubicación en estantería Fecha de adquisición Fuente de adquisición Total de préstamos Signatura topográfica completa Código de barras Visto por última vez Precio de reemplazo Tipo de ítem Koha
        Biblioteca del Ateneo de Madrid Biblioteca del Ateneo de Madrid Depósito 2 17/01/2008     L-10812 1077903 23/02/2023 23/02/2023 Libro impreso